El callejón de las viudas
Saved in:
| Hovedforfatter: | |
|---|---|
| Format: | Bog |
| Sprog: | spansk |
| Udgivet: |
Santiago
Planeta
2001
|
| Serier: | Colección Chile: su historia inmediata
|
| Fag: | |
| Tags: |
Tilføj Tag
Ingen Tags, Vær først til at tagge denne postø!
|
MARC
| LEADER | 00000nam a2200000 a 4500 | ||
|---|---|---|---|
| 001 | UCN4952 | ||
| 003 | CL-VaPUC | ||
| 008 | 010817e20010000CL |||||||||||||||||spa|d | ||
| 082 | 0 | 4 | |a 362.88 |b WEI |2 21 |
| 100 | 0 | |a Weitzel, Ruby |e author |9 461083 | |
| 245 | 1 | 3 | |a El callejón de las viudas |
| 300 | |a 205 p | ||
| 942 | |c BK | ||
| 945 | |d 20010817 00:00:00 |a vberengu | ||
| 260 | |a Santiago |b Planeta |c 2001 | ||
| 650 | 7 | |a DETENIDOS DESAPARECIDOS - CHILE |2 CL-VaPUC |9 461084 | |
| 650 | 7 | |a PERSECUCIONES POLITICAS |2 CL-VaPUC |9 436237 | |
| 650 | 0 | |a Derechos humanos |9 223025 | |
| 650 | 0 | |a Derechos civiles |9 255655 | |
| 650 | 0 | |a Investigación periodística |9 386006 | |
| 650 | 7 | |a GOLPE MILITAR - TESTIMONIOS |2 CL-VaPUC |9 461085 | |
| 583 | |a last modification |c 20010817 00:00:00 |k Rodrigo Vera | ||
| 490 | 0 | |a Colección Chile: su historia inmediata | |
| 999 | |c 296791 |d 296789 | ||
| 952 | |0 0 |1 0 |4 0 |6 362_880000000000000_WEI_2001 |7 0 |8 A |9 350962 |a BIBCUR |b BIBCUR |d 2019-11-20 |i 3736083 |o 362.88 WEI 2001 |p 3736083 |r 2025-04-22 |w 2019-11-20 |y BK |k PER | ||
| 952 | |0 0 |1 0 |4 0 |6 362_880000000000000_WEI_2001 |7 0 |8 A |9 350963 |a BIBCUR |b BIBCUR |d 2019-11-20 |i 3735087 |o 362.88 WEI 2001 |p 3735087 |r 2025-04-22 |w 2019-11-20 |y BK |k PER | ||